2022 Chicago Cubs Roster w/ First Names - Statistics

General Stats
  • This quiz has been taken 21 times
  • The average score is 22 of 64
Answer Stats
First Last % Correct
Franmil Reyes
89%
Mark Jr. Leiter
84%
Seiya Suzuki
84%
Yan Gomes
79%
Ian Happ
79%
Christopher Morel
79%
Adbert Alzolay
74%
Willson Contreras
74%
Nico Hoerner
74%
Patrick Wisdom
74%
Kyle Hendricks
68%
Frank Schwindel
68%
Andrelton Simmons
68%
Hayden Wesneski
63%
Javier Assad
58%
Keegan Thompson
53%
Brendon Little
47%
Rafael Ortega
47%
Marcus Stroman
47%
Ildemaro Vargas
47%
Rowan Wick
47%
Jeremiah Estrada
42%
Alec Mills
42%
Justin Steele
42%
Clint Frazier
37%
Jason Heyward
37%
Jesse Chavez
32%
Alfonso Rivas
32%
Ethan Roberts
32%
Jared Young
32%
David Bote
26%
Scott Effross
26%
Nick Madrigal
26%
Wade Miley
26%
Mychal Givens
21%
P.J. Higgins
21%
Zach McKinstry
21%
Sean Newcomb
21%
Manuel Rodriguez
21%
Nelson Velazquez
21%
Narciso Crook
16%
Brandon Hughes
16%
Chris Martin
16%
Esteban Quiroz
16%
Drew Smyly
16%
Michael Hermosillo
11%
Caleb Kilian
11%
Nicholas Padilla
11%
Michael Rucker
11%
Adrian Sampson
11%
Locke St. John
11%
Erich Uelmen
11%
Steven Brault
5%
Kervin Castro
5%
Matt Dermody
5%
Anderson Espinoza
5%
Luke Farrell
5%
Robert Gsellman
5%
Conner Menez
5%
Daniel Norris
5%
David Robertson
5%
Eric Stout
5%
Matt Swarmer
5%
Jonathan Villar
5%
No matching quizzes found
Score Distribution
Percent of People with Each Score
Percentile by Number Answered
Your Score History
You have not taken this quiz